000 00668nam a2200241Ia 4500
003 OSt
005 20220926003720.0
006 a|||||r|||| 00| 0
007 ta
008 220923b |||||||| |||| 00| 0 eng d
020 _a10: 0195672437
037 _cGeneral Book
040 _aRTL
_cRTL
_beng
041 _2eng
_aeng
082 _aW, P6
100 _aRudolph Lloyd I
245 0 _aExperimenting the state
260 _a New Delhi
_bOxford University Press India
_c2006
300 _avii, 382p
_ccm.
700 _a Jacobsen John Kurt Ed.
942 _hW, P6
_cGB
_2CC
999 _c608661
_d608661